[Event "Herne UFO op 9th"]
[Site "Herne"]
[Date "2018.06.01"]
[Round "4"]
[White "Storing, Marc"]
[Black "Osipiak, Grzegorz"]
[Result "0-1"]
[WhiteElo "1954"]
[BlackElo "2319"]
[PlyCount "76"]
[EventDate "2018.05.30"]
[EventType "swiss"]
[EventRounds "7"]
[EventCountry "GER"]
[SourceTitle "CBM 184 Extra"]
[Source "ChessBase"]
[SourceDate "2018.06.28"]
[SourceVersion "1"]
[SourceVersionDate "2018.06.28"]
[SourceQuality "1"]

1. c4 Nf6 2. Nf3 g6 3. g3 Bg7 4. Bg2 0-0 5. 0-0 d6 6. Nc3 e5 7. d4 Nbd7 8. e4 exd4 9. Nxd4 a5 10. h3 Re8 11. Qc2 Nc5 12. Be3 Bd7 13. Rac1 c6 14. Nb3 Ne6 15. a4 Qe7 16. Kh2 Nc5 17. Nxc5 dxc5 18. f4 h5 19. e5 Bf5 20. Qf2 Nd7 21. Ne4 Bxe4 22. Bxe4 Kh7 23. Qc2 h4 24. g4 Nxe5 25. f5 Nxg4+ 26. hxg4 Qxe4 27. Qxe4 Rxe4 28. Bxc5 Rxg4 29. Kh3 Re4 30. fxg6+ fxg6 31. Rf7 Rd8 32. Rc2 g5 33. Rxb7 Kg6 34. Rc7 Rd3+ 35. Kg2 h3+ 36. Kf2 g4 37. Rxc6+ Kf5 38. Rc7 g3+ 0-1

[Event "Herne op 5th"]
[Site "Herne"]
[Date "2016.05.28"]
[Round "6"]
[White "Knudsen, Simon"]
[Black "Storing, Marc"]
[Result "1-0"]
[WhiteElo "1907"]
[BlackElo "1969"]
[PlyCount "71"]
[EventDate "2016.05.25"]
[EventType "swiss"]
[EventRounds "7"]
[EventCountry "GER"]
[SourceTitle "CBM 172 Extra"]
[Source "ChessBase"]
[SourceDate "2016.06.21"]
[SourceVersion "1"]
[SourceVersionDate "2016.06.21"]
[SourceQuality "1"]

1. e4 c5 2. Nf3 d6 3. d4 cxd4 4. Nxd4 Nf6 5. Nc3 a6 6. Bg5 e6 7. f4 Be7 8. Qf3 Qc7 9. 0-0-0 0-0 10. g4 Nbd7 11. h4 b5 12. Bxf6 Nxf6 13. g5 Nd7 14. h5 b4 15. Nb1 Nc5 16. Bd3 e5 17. Nf5 Bxf5 18. exf5 b3 19. Nc3 bxa2 20. Nxa2 Rab8 21. Bc4 Rfc8 22. g6 Ne6 23. Bb3 Nd4 24. Rxd4 Rxb3 25. Qxb3 exd4 26. Qxf7+ Kh8 27. Nb4 Bf6 28. Qxc7 Rxc7 29. Nd5 Rc5 30. Re1 Rc8 31. Nxf6 gxf6 32. Re7 hxg6 33. fxg6 Rc5 34. h6 Rc8 35. Kd2 Kg8 36. Rd7 1-0

[Event "Herne op 5th"]
[Site "Herne"]
[Date "2016.05.26"]
[Round "2"]
[White "Storing, Marc"]
[Black "Hinkmann, Jens"]
[Result "1/2-1/2"]
[WhiteElo "1969"]
[BlackElo "2103"]
[PlyCount "82"]
[EventDate "2016.05.25"]
[EventType "swiss"]
[EventRounds "7"]
[EventCountry "GER"]
[SourceTitle "CBM 172 Extra"]
[Source "ChessBase"]
[SourceDate "2016.06.21"]
[SourceVersion "1"]
[SourceVersionDate "2016.06.21"]
[SourceQuality "1"]

1. c4 g5 2. Nc3 Bg7 3. d3 h6 4. h4 g4 5. g3 c5 6. Bg2 Nc6 7. Rb1 d6 8. Bd2 Nf6 9. a3 a5 10. Nb5 0-0 11. e4 Ne5 12. Qc2 Bd7 13. a4 Nh5 14. Ne2 Nf3+ 15. Bxf3 gxf3 16. Nf4 Bg4 17. Nd5 b6 18. Ne3 Qd7 19. Bc3 Nf6 20. Rd1 h5 21. Rd2 Rac8 22. b3 Qe6 23. Qb2 Bh6 24. Bxf6 exf6 25. Nc3 f5 26. Kd1 Bxe3 27. fxe3 Qe5 28. Nd5 Qxb2 29. Rxb2 fxe4 30. Ne7+ Kg7 31. Nxc8 Rxc8 32. dxe4 Re8 33. Ke1 f5 34. Rd2 fxe4 35. Kf2 Re6 36. Rhd1 Kf7 37. Rxd6 Ke7 38. Rxe6+ Bxe6 39. Rd2 Bf7 40. Kg1 Bg8 41. Kh2 Be6 1/2-1/2